LEADER 01037nam a22002651i 4500 001 991002202149707536 005 20040216171958.0 008 040407s1971 uik|||||||||||||||||lat 020 $a0198222173 035 $ab12886440-39ule_inst 035 $aARCHE-086606$9ExL 040 $aDip.to Scienze Storiche$bita$cA.t.i. Arché s.c.r.l. Pandora Sicilia s.r.l. 082 04$a241 100 1 $aAbaelardus, Petrus$d<1079-1142>$0156884 245 10$aPeter Abelard's Ethics /$can edition with introduction, english translation and notes by D.E. Luscombe 260 $aOxford :$bClarendon,$c1971 300 $aLXI, 144 p., [1] c. di tav. ;$c23 cm 440 0$aOxford medieval texts 700 1 $aLuscombe, David Edward 907 $a.b12886440$b04-03-16$c16-04-04 912 $a991002202149707536 945 $aLE009 MSM VIII Coll. 15/8$g1$i2009000251779$lle009$o-$pE0.00$q-$rn$so $t0$u0$v0$w0$x0$y.i13449734$z16-04-04 996 $aPeter Abelard's Ethics$9301080 997 $aUNISALENTO 998 $ale009$b16-04-04$cm$da $e-$flat$guik$h0$i1 LEADER 00670nam a2200193-i 4500 001 991004298437407536 005 20231204152429.0 008 230412s1969----it e u||0 | ita 040 $aBibl. Interfacoltà T. Pellegrino$bita 041 $aita 100 1 $aAvesani, Rino$0172396 245 10$aBonamico Lazzaro /$cR. Avesani 260 $aRoma :$bIstituto dell'Enciclopedia Italiana,$c1969 300 $aP. 3-10 ;$c25 cm 500 $aEstr. da: Dizionario Biografico degli Italiani, Roma, Istituto dell'Enciclopedia Italiana, Vol. 11, 1969 650 7$aBonamico, Lazzaro. Biografia 912 $a991004298437407536 996 $aBonamico Lazzaro$93643976 997 $aUNISALENTO